000 00548nam a2200193 i 4500
001 146022
003 ES-MaACL
005 20250815115931.0
007 t|
008 071018s1971 mx ||||1| spa d
100 1 _aVerduzco, Carlos.
_9114062
245 1 0 _aCómo dibujar el desnudo femenino /
_cCarlos Verduzco.
250 _a[1ª ed.].
260 _aMéxico :
_bAzor,
_c[1971]
300 _a118 p. :
_bil. ;
_c28 cm.
650 7 _aDibujo del cuerpo humano
_2embne
_911867
852 _aES-MaACL
_jE-9079
_bR.93601
999 _c146022
_d146022